Global economy & business environment : (Record no. 20420)

MARC details
000 -LEADER
fixed length control field 00407nam a22001577a 4500
003 - CONTROL NUMBER IDENTIFIER
control field OSt
005 - DATE AND TIME OF LATEST TRANSACTION
control field 20211126151324.0
008 - FIXED-LENGTH DATA ELEMENTS--GENERAL INFORMATION
fixed length control field 211126b |||||||| |||| 00| 0 eng d
020 ## - INTERNATIONAL STANDARD BOOK NUMBER
International Standard Book Number 9788184881141
040 ## - CATALOGING SOURCE
Transcribing agency HU
082 ## - DEWEY DECIMAL CLASSIFICATION NUMBER
Classification number 337CHE2010
100 ## - MAIN ENTRY--PERSONAL NAME
Personal name Cherunilam, Francis
9 (RLIN) 20816
245 ## - TITLE STATEMENT
Title Global economy & business environment :
Remainder of title text & cases
300 ## - PHYSICAL DESCRIPTION
Extent XV388P
Other physical details PC
Dimensions 25CM
942 ## - ADDED ENTRY ELEMENTS (KOHA)
Source of classification or shelving scheme Dewey Decimal Classification
Koha item type Books like text book referance book
Suppress in OPAC No
Holdings
Withdrawn status Lost status Source of classification or shelving scheme Damaged status Not for loan Collection code Home library Current library Shelving location Date acquired Total Checkouts Full call number Barcode Date last seen Copy number Price effective from Koha item type
    Dewey Decimal Classification     Reference Wondo Genet Library Wondo Genet Library General Stacks 11/26/2021   337CHE2010 WGCFNRL00007091 11/26/2021 1 11/26/2021 Books like text book referance book
    Dewey Decimal Classification     Reference Wondo Genet Library Wondo Genet Library General Stacks 11/26/2021   337CHE2010 WGCFNRL00007092 11/26/2021 2 11/26/2021 Books like text book referance book
    Dewey Decimal Classification     Reference Wondo Genet Library Wondo Genet Library General Stacks 12/31/2021   330 CHE 2010 WGCFNRL00007892 12/31/2021 3 12/31/2021 Books like text book referance book